000 00608nam a2200229Ia 4500
003 OSt
005 20220928103714.0
006 a|||||r|||| 00| 0
007 ta
008 220927b |||||||| |||| 00| 0 eng d
024 _a130820
037 _cTextual
040 _aSDCL
_cSDCL
_beng
041 _2eng
_aeng
082 _aRxM72,HS, J4
100 _aRussell Bertrand
245 0 _aHuman society in ethics and politics.
260 _aLondon
_bGeorge Allen & Unwin.
_c1954
300 _a239p.
_ccm.
942 _hRxM72,HS, J4
_cTEXL
_2CC
999 _c722243
_d722243